| 000 | 00755cam a22002533a 4500 | ||
|---|---|---|---|
| 001 | 610 | ||
| 003 | PGUSA | ||
| 005 | 20140828082950.0 | ||
| 008 | 960801s1996||||xxu|||||s|||||000 p eng d | ||
| 040 |
_aPGUSA _beng |
||
| 042 | _adc | ||
| 050 | 4 | _aPR | |
| 100 | 1 |
_aTennyson, Alfred Tennyson, Baron, _d1809-1892 |
|
| 245 | 1 | 0 |
_aIdylls of the King _h[electronic resource] / _cAlfred Tennyson, Baron Tennyson |
| 260 |
_bProject Gutenberg, _c1996 |
||
| 506 | _aPublic domain in the USA. | ||
| 516 | _aElectronic text | ||
| 653 | _aKnights and knighthood -- Poetry | ||
| 653 | _aArthurian romances -- Adaptations | ||
| 653 | _aArthur, King -- Poetry | ||
| 830 | 0 |
_aProject Gutenberg _v610 |
|
| 856 | 4 | 0 | _uhttp://www.gutenberg.org/ebooks/610 |
| 942 | _cEB | ||
| 999 |
_c229961 _d229961 |
||